| 000 | 00405nam a2200145Ia 4500 | ||
|---|---|---|---|
| 008 | 240729s9999 xx 000 0 und d | ||
| 022 | _a2416-111X | ||
| 245 | 0 | _aPulse | |
| 260 | _aHungary | ||
| 260 | _bCentral European University, Budapest | ||
| 650 | _aSocial Sciences | Language and Literature | ||
| 856 | _uhttps://doaj.org/toc/f482bd9f24274db08c1a250597651e2c | ||
| 942 | _2ddc | ||
| 942 | _cDOAJEJ | ||
| 999 |
_c71279 _d71279 |
||
| 945 |
_a1 _bMadushi Gamage _c1 _dMadushi Gamage |
||